00732nam a22002177a 450000500170000001000150001702000260003203500140005803700130007208200080008510000240009324501420011726000350025927000810029430000270037550000310040270000220043370000190045570000200047470000200049420180809143910.0 aENG-123704 a9789386906311c695.00 aEN-107236 bDBAD/PUB a792 aBajeli, Diwan Singh aYatrik:cby Diwan Singh Bajeli; ed. by Indu ramchandani; Bhaskar Ghose; Sunit Tandon and Ranjit Mathur ba journey into theatrical art / aNew Delhi bNiyogi Booksc2018 aBlock D, Building No. 77, Okhla Industrial Area, Phase-IbNew Delhi e110020 a268p. c23cm(Hb)bill. aIt includes index of names aramchandani, Indu aGhose, Bhaskar aTandon, Sunit  aMathur, Ranjit